[Event "Power Solutions Arctic Chess NGP 2026"]
[Site "UiT Campus Alta"]
[Date "2026.02.18"]
[Round "1"]
[White "Hynne, Sigurd"]
[Black "Lervik, Anders"]
[Result "1-0"]
[WhiteElo "1751"]
[BlackElo "1641"]
[PlyCount "37"]
[EventDate "2026.??.??"]

1. d4 d5 2. c4 dxc4 3. e4 Nf6 4. e5 Nd5 5. Bxc4 Bf5 6. Qb3 Nb6 7. Bxf7+ Kd7 8.
Bg5 Kc8 9. Nf3 h6 10. Be3 Be4 11. Be6+ N6d7 12. Nbd2 Bh7 13. Rc1 Na6 14. Nc4 g5
15. Na5 b6 16. Qd5 bxa5 17. Qxa8+ Nab8 18. d5 Bg8 19. Bxa7 1-0

[Event "Power Solutions Arctic Chess NGP 2026"]
[Site "UiT Campus Alta"]
[Date "2026.02.18"]
[Round "1"]
[White "Thomassen, Markus Ø."]
[Black "Eriksen, Tom G."]
[Result "0-1"]
[WhiteElo "1628"]
[BlackElo "1724"]
[PlyCount "66"]
[EventDate "2026.??.??"]

1. e4 Nf6 2. Nc3 e6 3. Nf3 d5 4. e5 Nfd7 5. d4 c5 6. Bg5 Qa5 7. a3 Nc6 8. Qd2
cxd4 9. Nb5 Qb6 10. a4 Bb4 11. c3 dxc3 12. bxc3 Be7 13. Bxe7 Kxe7 14. Qg5+ Kf8
15. Nfd4 Ndxe5 16. f4 f6 17. Qh5 Nf7 18. g4 a6 19. Nxc6 Qxc6 20. Kd2 Qc5 21.
Nd4 Nd6 22. Bd3 Bd7 23. Rhe1 Nc4+ 24. Bxc4 Qxc4 25. Nxe6+ Bxe6 26. Rxe6 Qxf4+
27. Re3 g6 28. Qh3 Re8 29. Rae1 Kf7 30. Qg2 Re4 31. Kd3 Rxe3+ 32. Rxe3 Qc4+ 33.
Kd2 Qa2+ 0-1

[Event "Power Solutions Arctic Chess NGP 2026"]
[Site "UiT Campus Alta"]
[Date "2026.02.18"]
[Round "1"]
[White "Pylypenko, Ruslan"]
[Black "Skjarholt, Arne"]
[Result "1-0"]
[WhiteElo "1717"]
[BlackElo "1627"]
[PlyCount "59"]
[EventDate "2026.??.??"]

1. c4 c5 2. Nc3 Nc6 3. g3 g6 4. Bg2 Bg7 5. e3 d6 6. Nge2 Bf5 7. d3 Qd7 8. h3
Qc7 9. g4 Bd7 10. Rb1 f5 11. g5 e6 12. f4 Rc8 13. a3 Nge7 14. b4 cxb4 15. axb4
O-O 16. h4 e5 17. h5 exf4 18. Nd5 Qd8 19. exf4 Qe8 20. h6 Bh8 21. O-O Nxd5 22.
Bxd5+ Be6 23. Bg2 Qd7 24. b5 Nd4 25. Bb2 Nxe2+ 26. Qxe2 d5 27. Bxh8 Kxh8 28.
Qe5+ Kg8 29. cxd5 Bf7 30. Qg7# 1-0

[Event "Power Solutions Arctic Chess NGP 2026"]
[Site "UiT Campus Alta"]
[Date "2026.02.18"]
[Round "1"]
[White "Arild, Steinar"]
[Black "Pedersen, Robin"]
[Result "0-1"]
[WhiteElo "1622"]
[BlackElo "1716"]
[PlyCount "82"]
[EventDate "2026.??.??"]

1. e4 d6 2. h3 Nf6 3. Nc3 e5 4. Nf3 Nbd7 5. d4 Be7 6. Be2 h6 7. O-O c6 8. dxe5
dxe5 9. a3 Qc7 10. b4 Nf8 11. Nh2 g5 12. Ng4 Nxg4 13. Bxg4 Ng6 14. g3 Bxg4 15.
Qxg4 h5 16. Qf5 Qd7 17. Re1 h4 18. Qxd7+ Kxd7 19. g4 Ke6 20. Be3 a6 21. Na4
Rad8 22. Bc5 Nf4 23. Kh2 Rd2 24. Be3 Rxc2 25. Red1 Rc4 26. f3 Rc2+ 27. Rd2
Rxd2+ 28. Bxd2 Rd8 29. Bxf4 exf4 30. Rc1 Rd3 31. Rc3 Rxc3 32. Nxc3 Bf6 33. Na4
Bd4 34. Nc5+ Bxc5 35. bxc5 Ke5 36. Kg2 Kd4 37. Kf2 Kxc5 38. Ke2 Kc4 39. Kd2 Kb3
40. Kd3 Kxa3 41. e5 b5 0-1

[Event "Power Solutions Arctic Chess NGP 2026"]
[Site "UiT Campus Alta"]
[Date "2026.02.18"]
[Round "1"]
[White "Næss, Kristine S."]
[Black "Kjellesvig, Mio N."]
[Result "1-0"]
[WhiteElo "1704"]
[BlackElo "1615"]
[PlyCount "145"]
[EventDate "2026.??.??"]

1. e4 d6 2. d4 Nf6 3. Nc3 Nbd7 4. Bd3 e5 5. dxe5 dxe5 6. Nf3 Be7 7. O-O c6 8.
h3 Qc7 9. Be3 h6 10. a3 Nf8 11. Bc4 g5 12. Nh2 Ng6 13. Be2 Nf4 14. Bxf4 gxf4
15. Qd3 Bd7 16. Rfd1 O-O-O 17. Qf3 Bc5 18. Na4 Be7 19. Nc3 Bc5 20. Rd2 Rhg8 21.
Kh1 Qb6 22. Na4 Qa5 23. Nc3 Qb6 24. Na4 Qa5 25. Nc3 b5 26. Rdd1 Qb6 27. Rf1 a5
28. g4 fxg3 29. fxg3 Bxh3 30. Qxf6 Bxf1 31. Bg4+ Kb8 32. Rxf1 Rd2 33. Nf3 Rd6
34. Qxf7 Rxg4 35. Nxe5 Rxg3 36. Nd7+ Rxd7 37. Qxd7 Rg1+ 38. Rxg1 Bxg1 39. Qd6+
Ka7 40. Qxh6 Bd4 41. Qd2 Qd8 42. Qe1 Qh8+ 43. Kg2 Be5 44. Qe3+ Ka6 45. Qd3 Qh2+
46. Kf3 Qh1+ 47. Kg4 Qg2+ 48. Kf5 Qg7 49. Qd8 Bxc3 50. Qa8+ Kb6 51. Qb8+ Ka6
52. Qa8+ Kb6 53. Qb8+ Kc5 54. bxc3 Qxc3 55. Qf8+ Kd4 56. Qf6+ Kc4 57. Qxc6+ Kd4
58. Qxc3+ Kxc3 59. e5 Kxc2 60. e6 Kb3 61. e7 Kxa3 62. e8=Q b4 63. Ke4 b3 64.
Qe7+ Ka2 65. Qc5 a4 66. Qb4 a3 67. Kd3 Kb2 68. Qc3+ Ka2 69. Kc4 b2 70. Qb3+ Kb1
71. Qxa3 Kc2 72. Qc3+ Kb1 73. Kb3 1-0

[Event "Power Solutions Arctic Chess NGP 2026"]
[Site "UiT Campus Alta"]
[Date "2026.02.18"]
[Round "1"]
[White "Jørgensen, Catherine"]
[Black "Strømme, Vebjørn C."]
[Result "0-1"]
[WhiteElo "1610"]
[BlackElo "1704"]
[PlyCount "60"]
[EventDate "2026.??.??"]

1. d4 d5 2. Nf3 Bf5 3. c4 e6 4. g3 a6 5. Nc3 Nf6 6. Bg2 Bb4 7. O-O Nc6 8. cxd5
exd5 9. a3 Bxc3 10. bxc3 Na5 11. Qa4+ c6 12. Ne5 Ne4 13. Bb2 f6 14. Nd3 b5 15.
Qd1 Nc4 16. Qc2 a5 17. Rfe1 Qe7 18. Qc1 Ned2 19. Qc2 O-O 20. Bc1 Bxd3 21. Qxd3
Nb3 22. Rb1 a4 23. e4 f5 24. e5 Nxa3 25. Bxa3 Qxa3 26. Qe3 Qa2 27. e6 Rae8 28.
Rbd1 Rf6 29. e7 Qa3 30. Re2 Rf7 0-1

[Event "Power Solutions Arctic Chess NGP 2026"]
[Site "UiT Campus Alta"]
[Date "2026.02.18"]
[Round "1"]
[White "Pettersen, Andreas"]
[Black "Whelan, Niall P."]
[Result "1-0"]
[WhiteElo "1690"]
[BlackElo "1592"]
[PlyCount "113"]
[EventDate "2026.??.??"]

1. e4 e5 2. Nf3 Nc6 3. d4 exd4 4. Nxd4 Nxd4 5. Qxd4 d6 6. c4 Be6 7. Nc3 Ne7 8.
Be2 Nc6 9. Qd1 g6 10. O-O Bg7 11. Nd5 O-O 12. Rb1 f5 13. exf5 Bxf5 14. Bd3 Qd7
15. b3 Rae8 16. Bb2 Ne5 17. Bxf5 Rxf5 18. f4 Nc6 19. Bxg7 Qxg7 20. Qd2 Rf7 21.
Rbe1 Rxe1 22. Rxe1 Qd4+ 23. Qxd4 Nxd4 24. Re4 Nf5 25. g4 c6 26. gxf5 cxd5 27.
fxg6 hxg6 28. cxd5 Rf5 29. Rd4 b5 30. Kg2 g5 31. fxg5 Rxg5+ 32. Kf3 Rh5 33. h4
Re5 34. Rg4+ Kh7 35. Rg5 Re1 36. h5 Rf1+ 37. Ke4 Rf6 38. Rf5 Rh6 39. a4 a6 40.
axb5 axb5 41. Kd4 Kg7 42. Kc3 Rh8 43. Kb4 Rb8 44. Ka5 b4 45. Rf4 Kh6 46. Rf6+
Kxh5 47. Rxd6 Kg5 48. Rb6 Ra8+ 49. Kxb4 Kf5 50. Kc5 Ra1 51. Kd6 Ra7 52. b4 Rh7
53. b5 Rh6+ 54. Kc5 Rh1 55. Rb8 Kf6 56. Kd6 Rc1 57. b6 1-0

[Event "Power Solutions Arctic Chess NGP 2026"]
[Site "UiT Campus Alta"]
[Date "2026.02.18"]
[Round "1"]
[White "Homtako, Chloe E."]
[Black "Vreugdenhil, Maarten"]
[Result "0-1"]
[WhiteElo "1591"]
[BlackElo "1678"]
[PlyCount "82"]
[EventDate "2026.??.??"]

1. e4 c5 2. d3 e6 3. g3 d5 4. Nd2 Be7 5. Bg2 Nc6 6. f4 Nf6 7. e5 Nd7 8. Ngf3
Nb6 9. O-O O-O 10. Qe2 f5 11. h4 a5 12. a3 a4 13. c3 Bd7 14. Ng5 h6 15. Nh3 Qe8
16. h5 Kh7 17. g4 fxg4 18. Qxg4 Rf5 19. Bf3 Qf7 20. c4 Nd4 21. Qg6+ Qxg6+ 22.
hxg6+ Kxg6 23. cxd5 Nxf3+ 24. Nxf3 Nxd5 25. Bd2 Bb5 26. Ne1 Raf8 27. Rc1 b6 28.
Kh2 Kh7 29. Rf3 Bh4 30. Ng2 Bd8 31. Rg1 Rxe5 32. Bc1 Ref5 33. Ne1 R8f7 34. Ng2
Bc6 35. Rf2 Bf6 36. Rgf1 Bd4 37. Re2 e5 38. Nh4 Rh5 39. Kg3 g5 40. Nf3 gxf4+
41. Kg4 Nf6# 0-1

[Event "Power Solutions Arctic Chess NGP 2026"]
[Site "UiT Campus Alta"]
[Date "2026.02.18"]
[Round "1"]
[White "Hagestad, Iver D."]
[Black "Opdahl, Raymond"]
[Result "0-1"]
[WhiteElo "1670"]
[BlackElo "1591"]
[PlyCount "94"]
[EventDate "2026.??.??"]

1. d4 Nf6 2. Bf4 g6 3. Nf3 Bg7 4. e3 O-O 5. h3 Nc6 6. c3 d5 7. Bd3 Re8 8. O-O
Nd7 9. Nbd2 e5 10. dxe5 Ndxe5 11. Bc2 Be6 12. Nd4 Nxd4 13. cxd4 Nd7 14. Ba4 c6
15. Rc1 Rc8 16. a3 b5 17. Bc2 c5 18. Nf3 c4 19. Bd6 Qb6 20. Bb4 a5 21. Bd2 b4
22. Qe1 Bf8 23. axb4 axb4 24. Ba4 b3 25. Bxd7 Bxd7 26. Ne5 Bb5 27. Bc3 f6 28.
Ng4 h5 29. Nh2 Bh6 30. f4 Bd7 31. Nf3 Bxf4 32. exf4 Rxe1 33. Rcxe1 Qd6 34. Kh1
Kf7 35. Ne5+ Kg7 36. Nf3 Bf5 37. Nh4 Be4 38. Kg1 f5 39. g3 Kh6 40. Kh2 g5 41.
Rxe4 gxh4 42. Re5 hxg3+ 43. Kxg3 Rg8+ 44. Kh2 Qg6 45. Re2 Qg3+ 46. Kh1 Qxh3+
47. Rh2 Qxf1# 0-1

[Event "Power Solutions Arctic Chess NGP 2026"]
[Site "UiT Campus Alta"]
[Date "2026.02.18"]
[Round "1"]
[White "Pedersen, Birger"]
[Black "Mella, Oddbjørn"]
[Result "0-1"]
[WhiteElo "1590"]
[BlackElo "1492"]
[PlyCount "61"]
[EventDate "2026.??.??"]

1. e4 c5 2. Nf3 e6 3. Be2 Nc6 4. O-O Nge7 5. Re1 d5 6. exd5 exd5 7. Bf1 g6 8.
h3 Bg7 9. Bb5 O-O 10. Bxc6 Nxc6 11. d3 b6 12. c3 Bb7 13. Bg5 Bf6 14. Bxf6 Qxf6
15. Nbd2 Rfe8 16. Qc2 d4 17. Ne4 Qd8 18. c4 Nb4 19. Qd2 Bxe4 20. dxe4 d3 21.
Re3 Qc7 22. Rb1 Rad8 23. a3 Nc6 24. Rxd3 Rxe4 25. b3 Nd4 26. Nxd4 Rdxd4 27. Rd1
Qd6 28. Qc2 Rxd3 29. Qxd3 Rd4 30. Qg3 Qxg3 31. fxg3 0-1

[Event "Power Solutions Arctic Chess NGP 2026"]
[Site "UiT Campus Alta"]
[Date "2026.02.18"]
[Round "1"]
[White "Liljebakk, Tor A."]
[Black "Magnussen, Einar"]
[Result "1-0"]
[WhiteElo "1490"]
[BlackElo "1577"]
[PlyCount "73"]
[EventDate "2026.??.??"]

1. e4 c6 2. d4 d5 3. e5 Bf5 4. Be3 e6 5. Nd2 a5 6. a4 Nd7 7. c4 Bb4 8. h3 f6 9.
f4 Qc7 10. Ngf3 Ne7 11. Be2 b6 12. O-O O-O 13. exf6 Rxf6 14. Ne5 Nxe5 15. fxe5
Rff8 16. Bg4 c5 17. Bf3 Rac8 18. Be2 Nc6 19. cxd5 exd5 20. Nf3 Qd7 21. Nh4 Be4
22. Bg4 Rxf1+ 23. Qxf1 Qd8 24. Be6+ Kh8 25. Bxc8 Qxc8 26. dxc5 d4 27. Qf4 Bxc5
28. Bf2 Bc2 29. Re1 Bb4 30. Rc1 d3 31. Nf3 Qd8 32. Be1 Bxa4 33. Bxb4 Nxb4 34.
Rc7 Nd5 35. Qd4 Qxc7 36. Qxd5 Bc2 37. Qa8+ 1-0

[Event "Power Solutions Arctic Chess NGP 2026"]
[Site "UiT Campus Alta"]
[Date "2026.02.18"]
[Round "1"]
[White "Heggelund, Iben S."]
[Black "Heatta, Simon M."]
[Result "0-1"]
[WhiteElo "1566"]
[BlackElo "1459"]
[PlyCount "62"]
[EventDate "2026.??.??"]

1. d4 c6 2. Nf3 d5 3. Bf4 Bf5 4. e3 e6 5. Be2 Bd6 6. Bg3 Nf6 7. Nbd2 O-O 8. c3
b5 9. Nb3 Ne4 10. Na5 Qxa5 11. Bxd6 Nxd6 12. Ne5 Nc4 13. Nxc4 bxc4 14. Bg4 Bd3
15. Be2 Bxe2 16. Qxe2 Nd7 17. h4 Rab8 18. g4 Qb6 19. Rb1 f5 20. gxf5 Rxf5 21.
Rg1 Rbf8 22. Qg4 R8f7 23. Rg2 Nf6 24. Qe2 Ne4 25. Rc1 Rxf2 26. Rxf2 Rxf2 27.
Qg4 Rf6 28. Rc2 Qc7 29. Qh5 Qg3+ 30. Ke2 Rf2+ 31. Kd1 Qg1# 0-1

[Event "Power Solutions Arctic Chess NGP 2026"]
[Site "UiT Campus Alta"]
[Date "2026.02.19"]
[Round "2"]
[White "Eriksen, Tom G."]
[Black "Pettersen, Andreas"]
[Result "1-0"]
[WhiteElo "1724"]
[BlackElo "1690"]
[PlyCount "97"]
[EventDate "2026.??.??"]

1. d4 e6 2. Bf4 Nf6 3. Nf3 d5 4. e3 c5 5. c3 Nc6 6. Nbd2 cxd4 7. exd4 Be7 8.
Ne5 O-O 9. Bd3 Nxe5 10. dxe5 Nd7 11. O-O f5 12. exf6 Nxf6 13. Be5 Bd7 14. a4 a6
15. Qc2 h6 16. Nf3 Ng4 17. Bg3 Rc8 18. h3 Nf6 19. Ne5 Be8 20. Bg6 Bd6 21. f4
Bxe5 22. fxe5 Bxg6 23. Qxg6 Qe8 24. Rxf6 Rxf6 25. Qxe8+ Rxe8 26. exf6 gxf6 27.
Rd1 Kg7 28. Kf2 Kg6 29. Kf3 h5 30. Bf2 Re7 31. Bg3 Re8 32. Rd4 Rd8 33. Rb4 Rd7
34. Rb6 Kf5 35. Bh4 Re7 36. Rd6 Kg6 37. a5 Kf7 38. Rd8 Kg7 39. Bf2 Rc7 40. Bb6
Re7 41. Rc8 e5 42. Rc7 Rxc7 43. Bxc7 Kf7 44. Kg3 Kg6 45. Kh4 e4 46. Bb6 Kh6 47.
Bd4 Kg6 48. Be3 f5 49. Bf4 1-0

[Event "Power Solutions Arctic Chess NGP 2026"]
[Site "UiT Campus Alta"]
[Date "2026.02.19"]
[Round "2"]
[White "Homtako, Chloe E."]
[Black "Hagestad, Iver D."]
[Result "1-0"]
[WhiteElo "1591"]
[BlackElo "1670"]
[PlyCount "135"]
[EventDate "2026.??.??"]

1. e4 c6 2. d4 d5 3. e5 Bf5 4. Nc3 e6 5. g4 Bg6 6. Nge2 Bb4 7. Bd2 c5 8. a3
cxd4 9. axb4 dxc3 10. Bxc3 Ne7 11. h4 Be4 12. Rg1 Ng6 13. h5 Nh4 14. Nd4 Nc6
15. Bb5 O-O 16. Bxc6 bxc6 17. f3 Qg5 18. Qe2 Nxf3+ 19. Nxf3 Qf4 20. Nh2 d4 21.
Bxd4 Bxc2 22. Bc3 Bb3 23. Rf1 Qg3+ 24. Qf2 Qd3 25. g5 Rad8 26. Bd2 Qe4+ 27. Qe3
Qh4+ 28. Rf2 Bc2 29. Rxa7 Qxh5 30. Qe2 Qh3 31. Qf3 Qh4 32. Rxf7 Bf5 33. Rxf8+
Rxf8 34. Bf4 Rd8 35. Qg3 Qh5 36. Qf3 Qe8 37. Rd2 Ra8 38. Kf2 Ra1 39. Rd1 Ra2
40. Qb3 Qa8 41. Rd2 Qa7+ 42. Be3 Qa8 43. Rd8+ Qxd8 44. Qxa2 Qf8 45. Ke2 Qxb4
46. Qa8+ Kf7 47. Qa7+ Kg6 48. Qa2 Qb5+ 49. Kf2 Qxe5 50. Nf3 Qe4 51. Qb3 Bg4 52.
Bd2 Bxf3 53. Qxf3 Qc2 54. Qc3 Qxc3 55. bxc3 Kf5 56. Ke2 Ke4 57. Kf2 h6 58. gxh6
gxh6 59. Bxh6 Kd3 60. Bg7 Ke4 61. Ke2 c5 62. Kd2 c4 63. Bh8 Kf3 64. Kc2 Ke4 65.
Kb2 Kd5 66. Ka3 e5 67. Kb4 e4 68. Bd4 1-0

[Event "Power Solutions Arctic Chess NGP 2026"]
[Site "UiT Campus Alta"]
[Date "2026.02.19"]
[Round "2"]
[White "Larsson, Susanne W."]
[Black "Pedersen, Birger"]
[Result "0-1"]
[WhiteElo "1518"]
[BlackElo "1590"]
[PlyCount "72"]
[EventDate "2026.??.??"]

1. Nf3 Nf6 2. g3 g6 3. c4 Bg7 4. Bg2 O-O 5. d4 Re8 6. Nc3 c6 7. e4 d6 8. Bg5
Qa5 9. O-O Qb6 10. e5 Nfd7 11. Nd5 c5 12. b3 Qd8 13. Re1 Nb6 14. dxc5 Nxd5 15.
Qxd5 dxe5 16. Rad1 Qc7 17. Nxe5 e6 18. Bd8 exd5 19. Bxc7 Na6 20. Bd6 dxc4 21.
Nxc4 Bg4 22. Bxb7 Bxd1 23. Rxd1 Nb4 24. Bxa8 Rxa8 25. a3 Nc6 26. b4 Nd4 27. Ne5
Bxe5 28. Bxe5 Nf3+ 29. Kg2 Nxe5 30. f4 Nc4 31. c6 Ne3+ 32. Kf3 Nxd1 33. Ke4 Rd8
34. Ke5 Nc3 35. a4 Kg7 36. c7 Rd5# 0-1

[Event "Power Solutions Arctic Chess NGP 2026"]
[Site "UiT Campus Alta"]
[Date "2026.02.19"]
[Round "2"]
[White "Kokaas, Magnus"]
[Black "Jullum, Hege I."]
[Result "1/2-1/2"]
[WhiteElo "1560"]
[BlackElo "1460"]
[PlyCount "91"]
[EventDate "2026.??.??"]

1. e4 c6 2. Bc4 d5 3. exd5 cxd5 4. Bb5+ Nc6 5. d4 Qa5+ 6. Nc3 a6 7. Bxc6+ bxc6
8. Bd2 Qc7 9. Nf3 Bf5 10. O-O e6 11. Re1 Rb8 12. b3 Nf6 13. Bg5 Ne4 14. Nxe4
Bxe4 15. c3 Bd6 16. g3 O-O 17. c4 Bb4 18. Re3 Ba3 19. Qe2 Rbe8 20. Bf4 Bd6 21.
Bxd6 Qxd6 22. c5 Qe7 23. Qxa6 Qc7 24. Ne5 Rc8 25. Qb6 f6 26. Qxc7 Rxc7 27. Nd3
Re8 28. f3 Bxd3 29. Rxd3 Kf7 30. Kf2 Ra7 31. f4 Ra3 32. Rdd1 Kg6 33. g4 e5 34.
Re1 e4 35. h4 Rb8 36. Re3 Rba8 37. Re2 Rxb3 38. axb3 Rxa1 39. Rb2 Rd1 40. f5+
Kf7 41. Ra2 Rxd4 42. Ra7+ Kf8 43. Ra8+ Ke7 44. Ra7+ Kf8 45. Ra8+ Ke7 46. Ra7+
1/2-1/2

[Event "Power Solutions Arctic Chess NGP 2026"]
[Site "UiT Campus Alta"]
[Date "2026.02.19"]
[Round "3"]
[White "Hynne, Sigurd"]
[Black "Næss, Kristine S."]
[Result "1-0"]
[WhiteElo "1751"]
[BlackElo "1704"]
[PlyCount "97"]
[EventDate "2026.??.??"]

1. d4 d6 2. e4 Nf6 3. Nc3 c6 4. f4 Qa5 5. Bd3 e5 6. Nge2 Nbd7 7. O-O Be7 8. h3
b5 9. Be3 Bb7 10. Ng3 O-O 11. Nf5 Rfe8 12. g4 g6 13. Nh6+ Kg7 14. fxe5 dxe5 15.
g5 Ng8 16. Rxf7+ Kh8 17. Nxg8 Kxg8 18. Qf3 Qd8 19. Rf1 Bxg5 20. d5 Bxe3+ 21.
Qxe3 Re7 22. Rxe7 Qxe7 23. dxc6 Bxc6 24. Nxb5 Nb6 25. Nc3 Qb4 26. Nd5 Bxd5 27.
exd5 Qxb2 28. Qf3 Qd4+ 29. Kg2 Qxd5 30. Qxd5+ Nxd5 31. Bc4 Kg7 32. Bxd5 Rf8 33.
Rxf8 Kxf8 34. Kf3 Ke7 35. c4 Kf6 36. h4 h6 37. c5 Ke7 38. Kg4 g5 39. hxg5 hxg5
40. Kxg5 e4 41. Kf4 e3 42. Kxe3 Kd7 43. Kd4 Kc7 44. Kc4 Kc8 45. Kb5 Kb8 46. Ka6
Kc8 47. Kxa7 Kc7 48. Bb7 Kd8 49. Kb8 1-0

[Event "Power Solutions Arctic Chess NGP 2026"]
[Site "UiT Campus Alta"]
[Date "2026.02.19"]
[Round "3"]
[White "Pylypenko, Ruslan"]
[Black "Vatneødegård, Marie"]
[Result "1-0"]
[WhiteElo "1717"]
[BlackElo "1532"]
[PlyCount "127"]
[EventDate "2026.??.??"]

1. c4 c5 2. Nc3 Nc6 3. g3 g6 4. Bg2 Bg7 5. e3 d6 6. Nge2 Bf5 7. d4 cxd4 8. exd4
Qc8 9. h3 h5 10. Nd5 Nf6 11. Ne3 Bd7 12. Rb1 O-O 13. Nf4 Rb8 14. b4 Nd8 15. b5
Ne6 16. Nxe6 Bxe6 17. Qd3 Nh7 18. a4 b6 19. Ba3 Nf6 20. Rc1 Rd8 21. h4 Ng4 22.
Nd5 Qd7 23. Nb4 Bf5 24. Be4 Bxe4 25. Qxe4 Rf8 26. Nc6 Rbe8 27. O-O f5 28. Qd5+
Kh7 29. Rfe1 Rf6 30. f3 Nh6 31. Rc2 f4 32. Kg2 fxg3 33. Rce2 Nf5 34. Qe4 Bh6
35. d5 g5 36. hxg5 Bxg5 37. Bb2 Rg6 38. Rh1 Kh6 39. f4 Nh4+ 40. Rxh4 Bxh4 41.
f5 Rgg8 42. Qxh4 Qxf5 43. Re6+ Rg6 44. Bc1+ Kh7 45. Rxe7+ Rxe7 46. Qxe7+ Rg7
47. Qe3 Qc2+ 48. Bd2 Qg6 49. Ne7 Qf6 50. Nc6 h4 51. Bc3 Qf2+ 52. Qxf2 gxf2+ 53.
Bxg7 Kxg7 54. Kxf2 Kf6 55. Kf3 Kf5 56. Nxa7 h3 57. Kg3 Ke4 58. Nc8 Kd4 59. Nxb6
Kc5 60. a5 Kd4 61. a6 Kc5 62. a7 h2 63. Kxh2 Kxb6 64. a8=Q 1-0

[Event "Power Solutions Arctic Chess NGP 2026"]
[Site "UiT Campus Alta"]
[Date "2026.02.19"]
[Round "3"]
[White "Pedersen, Robin"]
[Black "Vreugdenhil, Maarten"]
[Result "1/2-1/2"]
[WhiteElo "1716"]
[BlackElo "1678"]
[PlyCount "28"]
[EventDate "2026.??.??"]

1. d4 Nf6 2. Bf4 e6 3. e3 d5 4. Nf3 c5 5. c3 Bd6 6. Ne5 Nc6 7. Nd2 Qc7 8. Ndf3
Nh5 9. Nxc6 Nxf4 10. exf4 bxc6 11. Ne5 cxd4 12. Qxd4 Bxe5 13. Qxe5 Qxe5+ 14.
fxe5 O-O 1/2-1/2

[Event "Power Solutions Arctic Chess NGP 2026"]
[Site "UiT Campus Alta"]
[Date "2026.02.19"]
[Round "3"]
[White "Whelan, Niall P."]
[Black "Strømme, Vebjørn C."]
[Result "0-1"]
[WhiteElo "1592"]
[BlackElo "1704"]
[PlyCount "67"]
[EventDate "2026.??.??"]

1. e4 Nf6 2. e5 Nd5 3. Nf3 d6 4. exd6 exd6 5. Bc4 Nb6 6. Qe2+ Be7 7. d4 Bg4 8.
Bb3 Nc6 9. c3 O-O 10. O-O Bf6 11. h3 Bh5 12. g4 Bg6 13. Re1 d5 14. Bf4 Qd7 15.
Nbd2 Rfe8 16. Qb5 a6 17. Qf1 Na5 18. Rxe8+ Rxe8 19. Re1 Nxb3 20. Nxb3 Rxe1 21.
Qxe1 h5 22. Nc5 Qc8 23. Nh2 Nc4 24. b3 Nb2 25. Qe2 b6 26. Qxa6 Qe8 27. Na4 Bd3
28. Qb7 Qe1+ 29. Kg2 Nd1 30. Be3 Nxe3+ 31. fxe3 Bh4 32. Qxd5 Qf2+ 33. Kh1 Bg3
34. Qg2 0-1

[Event "Power Solutions Arctic Chess NGP 2026"]
[Site "UiT Campus Alta"]
[Date "2026.02.19"]
[Round "3"]
[White "Pettersen, Andreas"]
[Black "Homtako, Chloe E."]
[Result "1-0"]
[WhiteElo "1690"]
[BlackElo "1591"]
[PlyCount "85"]
[EventDate "2026.??.??"]

1. e4 c5 2. Nf3 e6 3. d4 cxd4 4. Nxd4 Nc6 5. Be3 Qc7 6. c3 Nf6 7. Bd3 Be7 8.
O-O a6 9. Nxc6 bxc6 10. Nd2 d5 11. f4 O-O 12. e5 Nd7 13. Nb3 c5 14. Bc2 Rb8 15.
Rb1 Bb7 16. Rf3 g6 17. Rh3 f6 18. Rxh7 Rf7 19. Rh6 Nf8 20. Bxg6 Nxg6 21. Rxg6+
Rg7 22. Rxg7+ Kxg7 23. Qg4+ Kf7 24. Qh5+ Kg7 25. f5 Rh8 26. Qg6+ Kf8 27. Bh6+
Rxh6 28. Qxh6+ Kf7 29. Qg6+ Kf8 30. exf6 Bd6 31. Qh6+ Ke8 32. Qh8+ Bf8 33. fxe6
d4 34. Qh5+ Kd8 35. e7+ Bxe7 36. fxe7+ Qxe7 37. Qh8+ Kc7 38. Qh3 Qe4 39. Rc1 d3
40. Qg3+ Kb6 41. Qd6+ Bc6 42. Qxc5+ Kc7 43. Qf2 1-0

[Event "Power Solutions Arctic Chess NGP 2026"]
[Site "UiT Campus Alta"]
[Date "2026.02.19"]
[Round "3"]
[White "Mella, Oddbjørn"]
[Black "Lervik, Anders"]
[Result "0-1"]
[WhiteElo "1492"]
[BlackElo "1641"]
[PlyCount "126"]
[EventDate "2026.??.??"]

1. Nf3 d5 2. d4 Bf5 3. Nc3 e6 4. e3 Nf6 5. b3 Bb4 6. Bd2 c6 7. a3 Ba5 8. b4 Bc7
9. Be2 O-O 10. O-O Nbd7 11. Be1 Ne4 12. Bd3 a5 13. b5 c5 14. dxc5 Ndxc5 15. Nd4
Nxd3 16. Nxf5 Nxe1 17. Nxe4 exf5 18. Ng3 Nxg2 19. Kxg2 f4 20. exf4 Bxf4 21. Qg4
Be5 22. Rad1 Rc8 23. Qe2 Re8 24. Qd3 d4 25. Rfe1 Bf6 26. Rxe8+ Qxe8 27. Ne4 Be7
28. Re1 Qd7 29. a4 Bf8 30. Re2 Qg4+ 31. Ng3 g6 32. Re4 Qd7 33. Rxd4 Qc7 34. c4
b6 35. Re4 Rd8 36. Rd4 Rxd4 37. Qxd4 Bc5 38. Qd2 Qe5 39. Qe2 Qa1 40. Qc2 Qd4
41. Ne4 Qe5 42. Nxc5 Qxc5 43. Qd3 h5 44. Qc2 Qb4 45. Kf1 Qd6 46. Kg1 Qe5 47. c5
Qa1+ 48. Kg2 bxc5 49. b6 Qe5 50. b7 Qd5+ 51. Kf1 Qxb7 52. Qxc5 Qb1+ 53. Kg2
Qe4+ 54. Kf1 Qxa4 55. Qc8+ Kh7 56. Qb7 Qd1+ 57. Kg2 Qg4+ 58. Kh1 Qf5 59. Qb2 h4
60. Qa2 h3 61. Kg1 a4 62. Kf1 Qd3+ 63. Kg1 Qd1# 0-1

[Event "Power Solutions Arctic Chess NGP 2026"]
[Site "UiT Campus Alta"]
[Date "2026.02.19"]
[Round "3"]
[White "Thomassen, Markus Ø."]
[Black "Opdahl, Raymond"]
[Result "1-0"]
[WhiteElo "1628"]
[BlackElo "1591"]
[PlyCount "123"]
[EventDate "2026.??.??"]

1. e4 c5 2. Nf3 Nc6 3. d4 cxd4 4. Nxd4 e5 5. Nf3 Nf6 6. Bd3 Bc5 7. Bg5 Nd4 8.
Nxe5 O-O 9. h3 Re8 10. Nf3 Nxf3+ 11. Qxf3 d5 12. Nd2 h6 13. Bxf6 Qxf6 14. Qxf6
gxf6 15. O-O dxe4 16. Nxe4 Bd4 17. c3 Bf5 18. Nxf6+ Bxf6 19. Bxf5 Re7 20. Rfe1
Rae8 21. Rxe7 Rxe7 22. Bg4 Re5 23. Rd1 Rb5 24. Rd2 Ra5 25. a3 Rb5 26. Kf1 Kg7
27. Ke2 Bg5 28. Rc2 Re5+ 29. Kd3 Rc5 30. Re2 Bf6 31. Re4 b5 32. Re8 a5 33. f4
b4 34. Rc8 Rd5+ 35. Kc2 bxa3 36. bxa3 Rb5 37. a4 Rb6 38. Rc5 Ra6 39. c4 Be7 40.
Rb5 Bb4 41. Bf3 Rf6 42. f5 Rd6 43. Bd5 Kf6 44. Rb7 Kxf5 45. Rxf7+ Ke5 46. Kd3
Rg6 47. g4 Kd6 48. Rb7 Ke5 49. Rf7 Kd6 50. Ke4 Bd2 51. Rb7 Rg5 52. Kd3 Bb4 53.
Rb6+ Ke5 54. Rxh6 Kf4 55. Kd4 Kg3 56. c5 Rg7 57. c6 Re7 58. g5 Kf4 59. g6 Kg5
60. Rh7 Kxg6 61. Rxe7 Bxe7 62. c7 1-0

[Event "Power Solutions Arctic Chess NGP 2026"]
[Site "UiT Campus Alta"]
[Date "2026.02.19"]
[Round "3"]
[White "Arild, Steinar"]
[Black "Rist, Nikolai"]
[Result "1-0"]
[WhiteElo "1622"]
[BlackElo "1543"]
[PlyCount "169"]
[EventDate "2026.??.??"]

1. e4 c6 2. d4 d5 3. e5 c5 4. c3 Nc6 5. Bb5 Qb6 6. a4 a6 7. dxc5 Qc7 8. Bxc6+
Qxc6 9. b4 Bf5 10. Nf3 f6 11. O-O e6 12. Re1 Bg4 13. Qd3 Bxf3 14. Qxf3 f5 15.
Nd2 Ne7 16. Nb3 Ng6 17. Nd4 Qd7 18. Bg5 h6 19. Bf4 Nxf4 20. Qxf4 Be7 21. Qe3
O-O 22. f4 Rfe8 23. Qh3 a5 24. c6 bxc6 25. b5 Bc5 26. Kh1 Bxd4 27. bxc6 Qxc6
28. cxd4 Rab8 29. Qe3 Rb4 30. Rec1 Rc4 31. h3 Rc8 32. Rxc4 Qxc4 33. Qd2 Qc3 34.
Qd1 Rc4 35. Qf1 Qxd4 36. Rb1 Rxa4 37. Kh2 Qxf4+ 38. Qxf4 Rxf4 39. Rb8+ Kf7 40.
Rb7+ Kg6 41. Rb6 a4 42. Rxe6+ Kf7 43. Ra6 Rc4 44. Kg3 Ke7 45. Kf3 d4 46. Ke2
Rb4 47. Kd3 Rb3+ 48. Kxd4 a3 49. Kd5 f4 50. Ke4 g5 51. Rxh6 Re3+ 52. Kf5 a2 53.
Ra6 Re2 54. Kxg5 Rxe5+ 55. Kxf4 Re2 56. Kf3 Rb2 57. g4 Rb3+ 58. Kg2 Rb2+ 59.
Kg3 Rb3+ 60. Kh4 Rb2 61. g5 Kf7 62. Kh5 Kg7 63. h4 Rb5 64. Rxa2 Rb7 65. Rf2 Rb6
66. Rd2 Rb7 67. Rd6 Re7 68. Rg6+ Kh7 69. Rf6 Kg7 70. Kg4 Re4+ 71. Rf4 Re6 72.
h5 Re1 73. Kf5 Kf7 74. h6 Rh1 75. Kg4+ Kg6 76. Rf6+ Kh7 77. Rf7+ Kg8 78. Rg7+
Kh8 79. Kf5 Rxh6 80. Re7 Rb6 81. g6 Kg8 82. Kg5 Kf8 83. Rf7+ Kg8 84. Rc7 Rd6
85. Kh6 1-0